Predikcia pohybu v prostredí akčnej hry

Enregistré dans:
Détails bibliographiques
Auteur principal: Gajdoš, Martin, 1988- (Auteur)
Autres auteurs: Varga, Ľubomír, 1985- (Directeur de thèse)
Format: Manuscrit Livre
Langue:slovaque
Publié: Bratislava : STU v Bratislave FIIT, 2013
Sujets:
Accès en ligne:VAIS
Tags: Ajouter un tag
Pas de tags, Soyez le premier à ajouter un tag!

MARC

LEADER 00000ntm a22000003a 4500
001 stu275558
005 20150617230238.3
008 131003s2013----xo------------------slo-d
040 |a STU  |b slo 
041 0 |a slo 
044 |a xo 
100 1 |a Gajdoš, Martin,  |d 1988-  |4 aut  |u I200  |U FIIT Fakulta informatiky a informačných technológií  |T FIIT Ústav informatiky a softvérového inžinierstva  |X 47820  |U I200  |Y 179  |7 A000047820 
242 0 0 |a Movement prediction within action game environment  |y eng 
245 1 |a Predikcia pohybu v prostredí akčnej hry 
260 |a Bratislava :  |b STU v Bratislave FIIT,  |c 2013 
300 |a 67 s  |c príl. 
650 7 |a softvérové inžinierstvo  |2 stusub 
650 7 |a Software Engineering  |2 estusub 
700 1 |a Varga, Ľubomír,  |d 1985-  |4 ths  |u I300  |U FIIT Fakulta informatiky a informačných technológií  |T FIIT Ústav aplikovanej informatiky  |X 20970  |U I300  |Y 180  |7 A000020970 
856 4 |a info a plný text  |u http://is.stuba.sk/zp/portal_zp.pl?podrobnosti=91221  |3 VAIS 
996 |b IDP89/13  |c I*DP89/13  |l II680  |s A  |a 24  |w stu275558_0001